Γη δελφύς : μυθιστόρημα
Αποθηκεύτηκε σε:
| Κύριος συγγραφέας: | |
|---|---|
| Μορφή: | Βιβλίο |
| Γλώσσα: | Greek |
| Δημοσίευση: |
Αθήνα :
Βιβλιοπωλείο της Εστίας,
1980.
|
| Έκδοση: | 2η εκδ. |
| Σειρά: | Νεοελληνική λογοτεχνία (Εστία)
; 239 |
| Θέματα: | |
| Ετικέτες: |
Προσθήκη ετικέτας
Δεν υπάρχουν, Καταχωρήστε ετικέτα πρώτοι!
|
MARC
| LEADER | 00000cam a2200000 i 4500 | ||
|---|---|---|---|
| 001 | 1/2564 | ||
| 008 | 091217s1980 gr | ||| |||| ||gre|| | ||
| 035 | |l 10106063 | ||
| 040 | |a GR-MyUA |b gre |e AACR2 | ||
| 041 | 0 | |a gre | |
| 082 | 0 | |a 889.3 |2 (22) | |
| 100 | 1 | |a Αβέρωφ-Τοσίτσας, Ευάγγελος, |d 1910-1990. | |
| 245 | 1 | 0 | |a Γη δελφύς : |b μυθιστόρημα / |c Ευαγγέλου Αβέρωφ-Τοσίτσα. |
| 250 | |a 2η εκδ. | ||
| 260 | |a Αθήνα : |b Βιβλιοπωλείο της Εστίας, |c 1980. | ||
| 300 | |a 417 σ. ; |c 17 εκ. | ||
| 490 | 1 | |a (Νεοελληνική λογοτεχνία |v ; 239) | |
| 650 | 0 | 0 | |a Greek fiction. |
| 830 | 0 | |a Νεοελληνική λογοτεχνία (Εστία) |v ; 239 | |
| 852 | |a INST |b SAMOS |e 20091217 |h 889.3 ΑΒΕ |p 005300031054 |q 005300031054 |t BK |y 0 | ||
| 901 | |a BIBL3-2009-3 | ||
| 909 | |a Σ |b 158350 | ||
| 970 | |a ΣΙΤΖΙΜΗ |b ΓΙΑΣΕΜΗ |z 2009/12/17 | ||